| 000 | 00944cam a2200337 4500 | ||
|---|---|---|---|
| 001 | ABS64645 | ||
| 008 | 011025n2001 000 0 eng u | ||
| 035 | _a(Sirsi) u115335 | ||
| 245 | _aRegional survey: Scotland | ||
| 260 | _c2001 | ||
| 490 |
_aProperty Week _v66(41) 12 October 2001, 57-87(14) |
||
| 590 | _aABS | ||
| 650 | _aSCOTLAND | ||
| 650 | _aABERDEEN | ||
| 650 | _aGLASGOW | ||
| 650 | _aFIFE | ||
| 650 | _aPERTH | ||
| 650 | _aLOTHIAN | ||
| 650 | _aEDINBURGH | ||
| 650 | _aRYDEN | ||
| 650 | _aPROPERTY-COMMERCIAL PROPERTY-OFFICE PROPERTY-OFFICE PROPERTY MARKET | ||
| 650 | _aOFFICE SPACE | ||
| 650 | _aPLANNING ISSUES | ||
| 650 | _aRENTAL VALUES | ||
| 650 | _aOIL INDUSTRY | ||
| 650 | _aPROPERTY-COMMERCIAL PROPERTY-RETAIL PROPERTY-RETAIL PROPERTY MARKET | ||
| 650 | _aINVESTMENT MARKET | ||
| 650 | _aINDUSTRIAL MARKET | ||
| 690 | _aPROPERTY-COMMERCIAL PROPERTY-COMMERCIAL PROPERTY MARKET | ||
| 942 | _n0 | ||
| 999 |
_c68688 _d68688 |
||